000 00515nam a2200181Ia 4500
005 20250508152331.0
008 008 250505s9999 xx 000 0 eng d
037 _aTextual
040 _aFEDL
_beng
_cFEDL
041 _aeng
_2eng
084 _a920, EVA
_qFEDL
100 _aEvans Jean
_9761226
245 0 _aThree men: An experiment in the biography of emotion
260 _aNew York, USA
_bAlfred A. Knopf
_c1956
300 _axviii,297p.
942 _cTEXL
_h920, EVA
999 _c1335772
_d1335772